[Event "Nichelino Berruto Memorial 19th"]
[Site "Nichelino"]
[Date "2016.02.12"]
[Round "1"]
[White "Bruno, Rocco"]
[Black "Finamore, Vito"]
[Result "0-1"]
[WhiteElo "1475"]
[BlackElo "1735"]
[PlyCount "90"]
[EventDate "2016.02.12"]
[EventType "swiss"]
[EventRounds "6"]
[EventCountry "ITA"]
[SourceTitle "EXT 2018"]
[Source "ChessBase"]
[SourceDate "2017.10.13"]
[SourceVersion "1"]
[SourceVersionDate "2017.10.13"]
[SourceQuality "1"]

1. e4 e5 2. Nf3 Nc6 3. c3 Nf6 4. d3 Be7 5. Be2 d5 6. exd5 Nxd5 7. 0-0 0-0 8. c4 Nf6 9. Bg5 h6 10. Bh4 e4 11. dxe4 Nxe4 12. Bxe7 Qxe7 13. Re1 Qc5 14. Rf1 Be6 15. Qc2 Bf5 16. Bd3 Nb4 17. Qe2 Nxd3 18. Qxd3 Nxf2 19. Qd4 Qxd4 20. Nxd4 Bxb1 21. Raxb1 Rad8 22. Nb5 Ne4 23. Rfe1 Nd2 24. Rbc1 c6 25. Nc3 Nxc4 26. b3 Nb6 27. Re7 Rd7 28. Re2 Rfd8 29. Rce1 Kf8 30. h3 Nd5 31. Ne4 Nf4 32. Re3 Rd1 33. Rxd1 Rxd1+ 34. Kf2 Nd5 35. Re2 Nf4 36. Re3 Rd3 37. Re1 Rd5 38. Kf3 Nd3 39. Re3 Ne5+ 40. Ke2 Ng6 41. g3 Re5 42. Kd3 f5 43. Nd6 Rd5+ 44. Kc4 Rxd6 45. Rf3 Ne5+ 0-1